000 00608nam a22002057a 4500
003 OSt
005 20140310183130.0
008 130531t xxu||||| |||| 00| 0 eng d
020 _a9719103078
050 _aRD 598
_b.D278 2005
082 _aFIL 617
_bT63 2005
245 _aThe Heart Has Its Reasons
_bThe Legacy of a Heart Surgeon, Dr. Avenilo P. Aventura
_cDe la Torre, Visitacion "Chit" R.
260 _aMakati City, Philippines
_bTower Book House
_cc2005
300 _a224 p.
521 _acollege students
526 _c1210L-1700L
541 _j1
562 _e1
942 _2lcc
_cBK
_kFIL
999 _c19112
_d19112